| 000 | 08879nam2a2200601 4500 | ||
|---|---|---|---|
| 001 | RU\NLR\19V\933320 | ||
| 005 | 20260407084136.0 | ||
| 021 |
_aRU _b[51-18083] |
||
| 035 | _a(NLR Aleph) 010162007 | ||
| 090 |
_a10102757 _c10102757 |
||
| 100 | _a20110518d1951 u y0rusy50 ca | ||
| 101 | 0 |
_arus _afre |
|
| 102 | _aRU | ||
| 105 | _aach z ||||1 | ||
| 135 | _acrgn 008aaada | ||
| 200 | 0 |
_aТ. 9 _f[Гос. лит. музей _gредкол.: А. Н. Дубовиков _gсост. В. Д. Бонч-Бруевич] |
|
| 210 |
_aМосква _cГосударственное изд-во культурно-просветительной литературы _d1951 |
||
| 215 |
_a647, [1] с., [1] л. ил. _cил., портр., факс. |
||
| 300 | _aЧасть текста на фр. яз. | ||
| 320 | _aБиблиогр. в подстроч. примеч. | ||
| 320 | _aАлф. указ. лич. имен / сост. К. Сурикова: с. 603-647 | ||
| 325 | _aКопия доступна в Электрон. б-ке РНБ http://vivaldi.nlr.ru/bx000030527/view | ||
| 327 | 1 | _aСодерж.: авт.: Г. Р. Державин, К. Ф. Рылеев, А. С. Пушкин, П. А. Вяземский, Е. А. Боратынский, И. И. Козлов, А. И. Герцен, Г. И. Успенский, Ф. М. Достоевский, В. М. Гаршин | |
| 461 | 0 |
_1001RU\NLR\19V\933272 _12001#$aЗвенья$eсборник материалов и документов по истории литературы, искусству и общественной мысли XIX века$fпод ред. Влад. Бонч-Бруевича [и др.]$vТ. 9 _910102753 _cМосква _d1932 _fпод ред. Влад. Бонч-Бруевича [и др.] _nAcademia _oсборник материалов и документов по истории литературы, искусству и общественной мысли XIX века _tЗвенья _vТ. 9 |
|
| 464 | 0 |
_12001#$aИстоки душевной трагедии В.М. Гаршина$fЛ.Ф. Филимонова _1700##$aФилимонова$bЛ.Ф.$gЛидия Федоровна _1702#1$3RU\NLR\AUTH\7716972$7ca$aГаршин$bВ. М.$f1855-1888$gВсеволод Михайлович$4570 _tИстоки душевной трагедии В.М. Гаршина _aФилимонова, Лидия Федоровна |
|
| 464 | 0 |
_12001#$aНеопубликованное письмо$fГ.И. Успенский _1700#1$3RU\NLR\AUTH\7729988$7ca$aУспенский$bГ. И.$cписатель$f1843-1902$gГлеб Иванович _tНеопубликованное письмо _aУспенский, Глеб Иванович (писатель ; 1843-1902) |
|
| 464 | 0 |
_12001#$aДостоевский в споре за Куманинское наследство$fН. Ильин _1700#1$3RU\NLR\AUTH\7716146$7ca$aИльин$bН.Н.$cписатель$f1886-1944$gНиколай Николаевич _1702#1$3RU\NLR\AUTH\77838$7ca$aДостоевский$bФ. М.$f1821-1881$gФедор Михайлович$4570 _tДостоевский в споре за Куманинское наследство _aИльин, Николай Николаевич (писатель ; 1886-1944) |
|
| 464 | 0 |
_12001#$aДело Чухломской дворянской опеки по рапорту Чухломского земского суда "о взятии в опеку имения г. Герцена вплодь до явки наследника"$fГ. Лебедев _1700#1$3RU\NLR\AUTH\7799693$7ca$aЛебедев$bГ. П.$cкраевед$gГеоргий Павлович _1702#1$3RU\NLR\AUTH\773922$7ca$aГерцен$bА. И.$f1812-1870$gАлександр Иванович$4570 _171102$3RU\NLR\AUTH\8810186839$aЧухломской земский суд _tДело Чухломской дворянской опеки по рапорту Чухломского земского суда "о взятии в опеку имения г. Герцена вплодь до явки наследника" _aЛебедев, Георгий Павлович (краевед) |
|
| 464 | 0 |
_12001#$aНеизвестная картина Г.Г. Чернецова$fГ. Серый _1700#1$3RU\NLR\AUTH\7799698$7ca$aСерый$bГ.$cискусствовед _1702#1$3RU\NLR\AUTH\7720926$7ca$aЧернецов$bГ. Г.$cхудожник$f1802-1865$gГригорий Григорьевич$4570 _tНеизвестная картина Г.Г. Чернецова _aСерый, Г. (искусствовед) |
|
| 464 | 0 |
_12001#$aПисьма$fЕ.А. Боратынский _1700#1$3RU\NLR\AUTH\776068$7ca$aБаратынский$bЕ. А.$f1800-1844$gЕвгений Абрамович _tПисьма _aБаратынский, Евгений Абрамович (1800-1844) |
|
| 464 | 0 |
_12001#$aПисьма$fИ.И. Козлов _1700#1$3RU\NLR\AUTH\7749612$7ca$aКозлов$bИ. И.$cпоэт$f1779-1840$gИван Иванович _tПисьма _aКозлов, Иван Иванович (поэт ; 1779-1840) |
|
| 464 | 0 |
_12001#$aПисьма к жене за 1831-1832 гг.$fП.А. Вяземский _1700#1$3RU\NLR\AUTH\7716420$7ca$aВяземский$bП. А.$f1792-1878$gПетр Андреевич _1702#1$3RU\NLR\AUTH\7771627$7ca$aВяземская$bВ. Ф.$f1790-1886$gВера Федоровна$4570 _tПисьма к жене за 1831-1832 гг. _aВяземский, Петр Андреевич (1792-1878) |
|
| 464 | 0 |
_12001#$aБатово, усадьба Рылеева$fВ. Нечаев _1700#1$3RU\NLR\AUTH\7799799$7ca$aНечаев$bВ.$cписатель _1702#1$3RU\NLR\AUTH\7725838$7ca$aРылеев$bК. Ф.$f1795-1826$gКондратий Федорович$4570 _tБатово, усадьба Рылеева _aНечаев, В. (писатель) |
|
| 464 | 0 |
_12001#$aАристиппова баня$fГ.Р. Державин _1700#1$3RU\NLR\AUTH\773473$7ca$aДержавин$bГ. Р.$f1743-1816$gГаврила Романович _tАристиппова баня _aДержавин, Гаврила Романович (1743-1816) |
|
| 464 | 0 |
_12001#$aНовые материалыдля биографии Пушкина$fМ.А. Цявловский _1700#1$3RU\NLR\AUTH\7799683$7ca$aЦявловский$bМ. А.$f1883-1947$gМстислав Александрович _1702#1$3RU\NLR\AUTH\77386$7ca$aПушкин$bА. С.$f1799-1837$gАлександр Сергеевич$4570 _tНовые материалыдля биографии Пушкина _aЦявловский, Мстислав Александрович (1883-1947) |
|
| 464 | 0 |
_12001#$aЗаметки о Пушкине$fМ.А. Цявловский _1700#1$3RU\NLR\AUTH\7799683$7ca$aЦявловский$bМ. А.$f1883-1947$gМстислав Александрович _1702#1$3RU\NLR\AUTH\77386$7ca$aПушкин$bА. С.$f1799-1837$gАлександр Сергеевич$4570 _tЗаметки о Пушкине _aЦявловский, Мстислав Александрович (1883-1947) |
|
| 464 | 0 |
_12001#$a35-й год моей жизни, или Два дни ведра на 363 ненастья$e(дневник)$fП.И. Долгоруков$gвступ. ст. - Дневник Долгорукого М. и Т. Цявловских _15170#$aДва дни ведра на 363 ненастья _1700#1$3RU\NLR\AUTH\7799681$7ca$aДолгоруков$bП. И.$f1787-1845$gПавел Иванович _1702#1$3RU\NLR\AUTH\7799683$7ca$aЦявловский$bМ. А.$f1883-1947$gМстислав Александрович$4080 _1702#1$3RU\NLR\AUTH\7799482$7ca$aЦявловская$bТ. Г.$cлитературовед$f1897-1978$gТатьяна Григорьевна$4080 _t35-й год моей жизни, или Два дни ведра на 363 ненастья _aДолгоруков, Павел Иванович (1787-1845) |
|
| 702 | 1 |
_4340 _8rus _7ca _aДубовиков _bА. Н. _f1905-1984 _gАлексей Николаевич _3RU\NLR\AUTH\7799687 _982613 |
|
| 702 | 1 |
_4220 _8rus _7ca _aБонч-Бруевич _bВ. Д. _f1873-1955 _gВладимир Дмитриевич _3RU\NLR\AUTH\7784347 _967275 |
|
| 712 | 0 | 2 |
_4570 _aГосударственный литературный музей _cМосква _3RU\NLR\AUTH\8811849 _9296370 |
| 801 | 0 |
_aRU _bNLR _c20110518 _gpsbo |
|
| 801 | 1 |
_aRU _bNLR _c20110518 _2rusmarc |
|
| 801 | 2 |
_aRU _bNLR _c20110518 _2rusmarc |
|
| 852 |
_aNLR _jЛ20 Г-5/210(9) |
||
| 852 |
_aNLR _bМф _jК1/13824(9) |
||
| 856 | 0 | _uhttp://vivaldi.nlr.ru/bx000030527/view | |
| 856 | 1 | _uhttp://vivaldi.nlr.ru/bx000030527/cover | |
| 856 | 2 | _uhttp://vivaldi.nlr.ru/bx000030527/text | |
| 942 | _cBOOK | ||
| 980 | _aNB | ||
| 981 | 3 | 3 |
_a(33) Художественная литература _b(33) Отечественная литература |